000 00351nam a2200133Ia 4500
008 220216s9999 xx 000 0 und d
100 _aBlom H P
245 0 _aiPP/HDPE blends: Interactions at lower HDPE contents
260 _bJournal of Applied Polymer Science
_c1995
300 _a995-1006
700 _aRudin A
700 _aTeh J W
942 _cJS
999 _c61675
_d61675